Biggest Trading Partners - Türkiye 2025 - Statistics

General Stats
  • This quiz has been taken 3 times
  • The average score is 21 of 22
Answer Stats
Answer % Correct
Belgium
100%
Bulgaria
100%
China
100%
France
100%
Germany
100%
Greece
100%
India
100%
Iraq
100%
Italy
100%
Japan
100%
Netherlands
100%
Poland
100%
Russia
100%
South Korea
100%
Spain
100%
Switzerland
100%
United Arab Emirates
100%
United Kingdom
100%
United States
100%
Malaysia
67%
Romania
67%
Morocco
33%
No matching quizzes found
Score Distribution
Percent of People with Each Score
Percentile by Number Answered
Your Score History
You have not taken this quiz